| 000 | 00601nam a2200205Ia 4500 | ||
|---|---|---|---|
| 008 | 140321s9999 xx 000 0 und d | ||
| 020 | _a9780240812144 | ||
| 050 |
_aPN 1996 _b.J62 2009 |
||
| 100 | _aJohnson, Claudia Hunter | ||
| 245 |
_aCrafting short screenplays that connect / _cClaudia Hunter Johnson. |
||
| 250 | _a3rd ed. | ||
| 260 |
_aNew York : _bELSEVIER, _cc2014. |
||
| 300 |
_a321 p. : _c23 cm. |
||
| 500 | _aIncludes bibliographical references and index. | ||
| 521 | _aMC | ||
| 650 | _aMotion picture authorship. | ||
| 650 | _aShort films. | ||
| 942 |
_kFOR _cBK |
||
| 999 |
_c48660 _d48660 |
||